| 000 | 00640 a2200193 4500 | ||
|---|---|---|---|
| 999 |
_c9441 _d9441 |
||
| 020 | _a9780521766388 (hardback) | ||
| 020 | _a9780521747103 (pbk.) | ||
| 050 | 0 | 0 | _aK 3585. A58 ANT 2011 |
| 100 | 1 | _aAnton, Donald K. | |
| 245 | 1 | 0 |
_aEnvironmental protection and human rights / _cDonald K. Anton, Dinah Shelton. |
| 264 |
_aNew York: _bCambridge University Press, _c2011 |
||
| 300 | _axxxviii, 986 p. ; | ||
| 500 | _aIncludes index | ||
| 504 | _aIncludes bibliographical references and index. | ||
| 650 | 0 | _aEnvironmental law, International. | |
| 650 | 0 | _aHuman rights. | |
| 700 | 1 | _aShelton, Dinah, L. | |
| 942 |
_2lcc _cBK _h3585.A58 _iANT _kK |
||